00754nam a2200217 i 4500001001000000003000900010005001700019007000300036008004100039020001800080040003000098041000800128082001800136111012000154245009500274264003400369300004500403336002700448337003300475338002800508000003034DO-SdBNP20250521104157.0ta250521s2024 dr c r 100 0 spa  a9789945603910 aDO-SdBNPbspacBNPHUerda hspa 4axxxbP7962222 aPonencias y Conclusiones del Primer Foro Nacional del Covid (d10 de marzo de 2023)cPUCMM, Campus de Santo Domingo10aLo que aprendimos del Covid :bponencias y conclusiones del primer foro nacional del covid aSanto Domingo :bPUCMM,c2024 a169 páginas :bilustraciones ;c22 cm. atextobtxt2rdacontent asin mediaciónbn2rdamedia avolumenbnc2rdacarrier